[Event "DEM U10 2022"]
[Site "Willingen GER"]
[Date "2022.06.07"]
[Round "5"]
[White "Teng, David"]
[Black "Fischermann, Simon"]
[Result "1/2-1/2"]
[Termination "normal"]
[Board "6"]
[WhiteElo "1423"]
[BlackElo "1344"]
[WhiteClock "00:07:15"]
[BlackClock "00:11:58"]
[PlyCount "138"]
[WhiteFideId "34604570"]
[BlackFideId "34620869"]
[EventCountry "GER"]
[EventRounds "11"]
[EventType "swiss"]
[EventDate "2022.06.04"]

1. e4 e5 {[%clk 01:15:48]} {[%emt 00:00:12]} 2. Nf3 {[%clk 01:16:22]} {[%emt
00:00:07]} Nc6 {[%clk 01:16:13]} {[%emt 00:00:06]} 3. Bb5 {[%clk 01:16:41]}
{[%emt 00:00:11]} a6 {[%clk 01:16:31]} {[%emt 00:00:13]} 4. Ba4 {[%clk
01:17:00]} {[%emt 00:00:10]} d6 {[%clk 01:16:52]} {[%emt 00:00:09]} 5. c3
{[%clk 01:16:51]} {[%emt 00:00:39]} f5 {[%clk 01:12:24]} {[%emt 00:04:58]} 6.
d3 {[%clk 01:11:12]} {[%emt 00:06:08]} Nf6 {[%clk 01:11:56]} {[%emt 00:00:58]}
7. Nbd2 {[%clk 01:09:31]} {[%emt 00:02:11]} Be7 {[%clk 01:11:15]} {[%emt
00:01:11]} 8. Bb3 {[%clk 01:09:01]} {[%emt 00:01:00]} h6 {[%clk 01:09:24]}
{[%emt 00:02:21]} 9. Nf1 {[%clk 01:02:41]} {[%emt 00:06:49]} g5 {[%clk
01:07:27]} {[%emt 00:02:27]} 10. Ne3 {[%clk 01:00:52]} {[%emt 00:02:19]} f4
{[%clk 01:07:18]} {[%emt 00:00:39]} 11. Nd5 {[%clk 00:57:28]} {[%emt 00:03:54]}
Na5 {[%clk 01:05:40]} {[%emt 00:02:08]} 12. Nxf6+ {[%clk 00:56:37]} {[%emt
00:01:21]} Bxf6 {[%clk 01:05:59]} {[%emt 00:00:12]} 13. Bc2 {[%clk 00:56:44]}
{[%emt 00:00:22]} g4 {[%clk 01:01:53]} {[%emt 00:04:36]} 14. Nd2 {[%clk
00:56:15]} {[%emt 00:00:59]} h5 {[%clk 01:01:44]} {[%emt 00:00:40]} 15. b4
{[%clk 00:53:35]} {[%emt 00:03:10]} Nc6 {[%clk 01:01:26]} {[%emt 00:00:48]} 16.
Nb3 {[%clk 00:51:30]} {[%emt 00:02:35]} Bh4 {[%clk 00:57:51]} {[%emt 00:04:05]}
17. g3 {[%clk 00:48:52]} {[%emt 00:03:08]} Bg5 {[%clk 00:56:10]} {[%emt
00:02:11]} 18. gxf4 {[%clk 00:46:57]} {[%emt 00:02:24]} Bxf4 {[%emt 00:01:39]}
19. Bxf4 {[%emt 00:01:22]} exf4 {[%clk 00:53:29]} {[%emt 00:00:10]} 20. Qd2
{[%clk 00:46:51]} {[%emt 00:00:36]} Rf8 {[%clk 00:53:19]} {[%emt 00:00:41]} 21.
O-O-O {[%clk 00:44:33]} {[%emt 00:02:48]} Ne5 {[%clk 00:44:11]} {[%emt
00:09:37]} 22. Qe2 {[%clk 00:41:41]} {[%emt 00:03:22]} Qg5 {[%clk 00:41:39]}
{[%emt 00:03:02]} 23. Nd4 {[%clk 00:37:14]} {[%emt 00:04:57]} h4 {[%clk
00:27:09]} {[%emt 00:14:59]} 24. Kb1 {[%clk 00:35:29]} {[%emt 00:02:16]} g3
{[%clk 00:26:15]} {[%emt 00:01:24]} 25. Rhg1 {[%clk 00:32:22]} {[%emt
00:03:37]} f3 {[%clk 00:19:58]} {[%emt 00:07:04]} 26. Qe1 {[%clk 00:29:50]}
{[%emt 00:03:02]} g2 {[%clk 00:19:57]} {[%emt 00:00:30]} 27. Bb3 {[%clk
00:29:51]} {[%emt 00:00:29]} c5 {[%clk 00:18:54]} {[%emt 00:01:33]} 28. bxc5
{[%clk 00:27:38]} {[%emt 00:02:43]} dxc5 {[%clk 00:19:16]} {[%emt 00:00:09]}
29. Ne6 {[%clk 00:26:18]} {[%emt 00:01:50]} Bxe6 {[%clk 00:19:23]} {[%emt
00:00:22]} 30. Bxe6 {[%clk 00:26:43]} {[%emt 00:00:06]} Ng6 {[%clk 00:16:01]}
{[%emt 00:03:47]} 31. h3 {[%clk 00:23:56]} {[%emt 00:03:21]} Nf4 {[%clk
00:15:26]} {[%emt 00:01:06]} 32. Bg4 {[%clk 00:21:18]} {[%emt 00:03:08]} Ne2
{[%clk 00:15:27]} {[%emt 00:00:29]} 33. Rxg2 {[%clk 00:21:24]} {[%emt
00:00:24]} Nxc3+ {[%clk 00:14:51]} {[%emt 00:01:06]} 34. Qxc3 {[%clk 00:21:18]}
{[%emt 00:00:36]} fxg2 {[%clk 00:15:04]} {[%emt 00:00:15]} 35. Rg1 {[%clk
00:21:00]} {[%emt 00:00:50]} Rxf2 {[%clk 00:15:17]} {[%emt 00:00:17]} 36. Qh8+
{[%clk 00:19:02]} {[%emt 00:02:28]} Rf8 {[%clk 00:15:28]} {[%emt 00:00:19]} 37.
Bh5+ {[%clk 00:19:00]} {[%emt 00:00:31]} Ke7 {[%clk 00:15:06]} {[%emt
00:00:52]} 38. Qh7+ {[%clk 00:18:48]} {[%emt 00:00:42]} Kd6 {[%clk 00:15:21]}
{[%emt 00:00:14]} 39. e5+ {[%clk 00:17:52]} {[%emt 00:01:26]} Kc6 {[%clk
00:12:44]} {[%emt 00:03:08]} 40. Qe4+ {[%clk 00:17:16]} {[%emt 00:01:05]} Kb6
{[%clk 00:12:32]} {[%emt 00:00:42]} 41. Bf3 {[%clk 00:15:47]} {[%emt 00:02:00]}
Rab8 {[%clk 00:11:57]} {[%emt 00:01:05]} 42. Rxg2 {[%clk 00:15:47]} {[%emt
00:00:30]} Qf4 {[%clk 00:12:08]} {[%emt 00:00:19]} 43. Rb2+ {[%clk 00:15:47]}
{[%emt 00:00:30]} Kc7 {[%clk 00:11:43]} {[%emt 00:00:55]} 44. Rxb7+ {[%clk
00:12:46]} {[%emt 00:03:31]} Rxb7+ {[%clk 00:12:05]} {[%emt 00:00:09]} 45.
Qxb7+ {[%clk 00:13:08]} {[%emt 00:00:08]} Kd8 {[%clk 00:12:23]} {[%emt
00:00:12]} 46. Qb6+ {[%clk 00:12:13]} {[%emt 00:01:25]} Ke7 {[%clk 00:12:40]}
{[%emt 00:00:12]} 47. Qc7+ {[%clk 00:12:09]} {[%emt 00:00:35]} Ke6 {[%clk
00:12:56]} {[%emt 00:00:14]} 48. Bg4+ {[%clk 00:12:11]} {[%emt 00:00:27]} Rf5
{[%clk 00:12:20]} {[%emt 00:01:06]} 49. Qd6+ {[%clk 00:10:43]} {[%emt
00:01:57]} Kf7 {[%clk 00:12:38]} {[%emt 00:00:13]} 50. Qd7+ {[%clk 00:09:34]}
{[%emt 00:01:39]} Kg6 {[%clk 00:12:49]} {[%emt 00:00:20]} 51. Qe6+ {[%emt
00:00:42]} Kg5 {[%clk 00:12:47]} {[%emt 00:00:02]} 52. Qg8+ {[%clk 00:07:01]}
{[%emt 00:03:21]} Kh6 {[%clk 00:13:04]} {[%emt 00:00:12]} 53. Qh8+ {[%clk
00:06:02]} {[%emt 00:01:28]} Kg6 {[%clk 00:13:23]} {[%emt 00:00:12]} 54. Qg8+
{[%clk 00:06:01]} {[%emt 00:00:32]} Kh6 {[%clk 00:13:43]} {[%emt 00:00:10]} 55.
Qe6+ {[%clk 00:06:19]} {[%emt 00:00:11]} Kg5 {[%clk 00:14:01]} {[%emt
00:00:13]} 56. Qxf5+ {[%clk 00:05:48]} {[%emt 00:01:01]} Qxf5 {[%clk 00:14:17]}
{[%emt 00:00:13]} 57. Bxf5 {[%clk 00:06:13]} {[%emt 00:00:05]} Kxf5 {[%clk
00:14:42]} {[%emt 00:00:05]} 58. Kc2 {[%clk 00:06:29]} {[%emt 00:00:14]} Kxe5
{[%clk 00:14:54]} {[%emt 00:00:17]} 59. Kc3 {[%clk 00:06:42]} {[%emt 00:00:18]}
Kd5 {[%clk 00:15:09]} {[%emt 00:00:15]} 60. a3 {[%clk 00:06:55]} {[%emt
00:00:16]} Kc6 {[%clk 00:10:01]} {[%emt 00:05:38]} 61. Kc4 {[%clk 00:05:58]}
{[%emt 00:01:27]} Kd6 {[%clk 00:10:02]} {[%emt 00:00:29]} 62. a4 {[%clk
00:06:14]} {[%emt 00:00:15]} Kc6 {[%clk 00:10:18]} {[%emt 00:00:14]} 63. a5
{[%clk 00:06:28]} {[%emt 00:00:16]} Kd6 {[%clk 00:10:35]} {[%emt 00:00:12]} 64.
d4 {[%clk 00:06:41]} {[%emt 00:00:18]} cxd4 {[%clk 00:10:56]} {[%emt 00:00:09]}
65. Kxd4 {[%clk 00:07:06]} {[%emt 00:00:05]} Kc6 {[%clk 00:11:17]} {[%emt
00:00:10]} 66. Kc4 {[%clk 00:06:48]} {[%emt 00:00:48]} Kd6 {[%clk 00:11:39]}
{[%emt 00:00:08]} 67. Kd4 {[%clk 00:07:03]} {[%emt 00:00:16]} Kc6 {[%clk
00:11:58]} {[%emt 00:00:10]} 68. Kc4 {[%clk 00:07:15]} {[%emt 00:00:18]} Kd6
{[%emt 00:00:04]} 69. Kd4 Kc6 1/2-1/2

[Event "DEM U10 2022"]
[Site "Willingen GER"]
[Date "2022.06.07"]
[Round "5"]
[White "Rinke, Alexander"]
[Black "Tak, Rannveer"]
[Result "0-1"]
[Termination "normal"]
[Board "16"]
[WhiteElo "1292"]
[BlackElo "1746"]
[WhiteClock "00:53:36"]
[BlackClock "01:00:23"]
[PlyCount "59"]
[WhiteFideId "34623523"]
[BlackFideId "14346613"]
[EventCountry "GER"]
[EventRounds "11"]
[EventType "swiss"]
[EventDate "2022.06.04"]

1. e4 {[%clk 01:15:57]} {[%emt 00:00:02]} e6 {[%clk 01:15:57]} {[%emt
00:00:03]} 2. d4 {[%clk 01:16:23]} {[%emt 00:00:04]} d5 {[%clk 01:16:23]}
{[%emt 00:00:04]} 3. Nd2 {[%clk 01:16:46]} {[%emt 00:00:06]} Nf6 {[%clk
01:15:44]} {[%emt 00:01:09]} 4. e5 {[%clk 01:17:09]} {[%emt 00:00:07]} Nfd7
{[%clk 01:16:11]} {[%emt 00:00:03]} 5. Bd3 {[%clk 01:17:26]} {[%emt 00:00:13]}
c5 {[%clk 01:15:34]} {[%emt 00:01:08]} 6. c3 {[%clk 01:17:48]} {[%emt
00:00:07]} Nc6 {[%clk 01:15:42]} {[%emt 00:00:22]} 7. Ne2 {[%clk 01:18:10]}
{[%emt 00:00:07]} cxd4 {[%clk 01:15:12]} {[%emt 00:01:01]} 8. cxd4 {[%clk
01:18:31]} {[%emt 00:00:09]} f6 {[%clk 01:15:39]} {[%emt 00:00:04]} 9. exf6
{[%clk 01:15:45]} {[%emt 00:03:15]} Nxf6 {[%clk 01:15:58]} {[%emt 00:00:11]}
10. O-O {[%clk 01:15:45]} {[%emt 00:00:30]} Bd6 {[%clk 01:16:17]} {[%emt
00:00:10]} 11. Nf3 {[%clk 01:15:37]} {[%emt 00:00:38]} O-O {[%clk 01:16:32]}
{[%emt 00:00:15]} 12. Nf4 {[%clk 01:13:55]} {[%emt 00:02:12]} Ng4 {[%clk
01:08:23]} {[%emt 00:08:39]} 13. Ne2 {[%clk 01:09:22]} {[%emt 00:05:03]} Rxf3
{[%clk 01:07:20]} {[%emt 00:01:33]} 14. gxf3 {[%clk 01:09:42]} {[%emt
00:00:10]} Nxh2 {[%clk 01:07:47]} {[%emt 00:00:04]} 15. Re1 {[%clk 01:09:04]}
{[%emt 00:01:08]} Nxf3+ {[%clk 01:07:58]} {[%emt 00:00:19]} 16. Kf1 {[%clk
01:07:34]} {[%emt 00:01:16]} Qh4 {[%clk 01:07:58]} {[%emt 00:01:14]} 17. Ng1
{[%clk 01:01:59]} {[%emt 00:06:02]} Nxe1 18. Kxe1 {[%clk 01:01:30]} Qxd4 {[%clk
01:06:27]} {[%emt 00:00:55]} 19. Nf3 {[%clk 01:00:34]} {[%emt 00:01:18]} Bb4+
{[%clk 01:06:19]} {[%emt 00:00:47]} 20. Ke2 {[%clk 00:59:06]} {[%emt 00:01:59]}
Qf6 {[%clk 01:05:51]} {[%emt 00:00:57]} 21. Bg5 {[%clk 00:59:05]} {[%emt
00:00:31]} Nd4+ {[%clk 01:02:46]} {[%emt 00:03:35]} 22. Nxd4 {[%clk 00:57:46]}
{[%emt 00:01:48]} Qxg5 {[%clk 01:02:38]} {[%emt 00:00:38]} 23. Rc1 {[%clk
00:55:37]} {[%emt 00:02:39]} Bd7 {[%clk 01:02:05]} {[%emt 00:01:03]} 24. Rc7
{[%clk 00:55:48]} {[%emt 00:00:20]} Qe5+ {[%clk 01:02:20]} {[%emt 00:00:14]}
25. Kf1 {[%clk 00:55:34]} {[%emt 00:00:44]} Qxc7 {[%clk 01:02:38]} {[%emt
00:00:12]} 26. Qh5 {[%clk 00:55:13]} {[%emt 00:00:51]} Qc1+ {[%clk 01:01:53]}
{[%emt 00:01:16]} 27. Kg2 {[%clk 00:55:29]} {[%emt 00:00:14]} h6 {[%clk
01:02:14]} {[%emt 00:00:09]} 28. Nf3 {[%clk 00:54:11]} {[%emt 00:01:48]} Qxb2
{[%clk 01:00:42]} {[%emt 00:02:02]} 29. Ne5 {[%clk 00:54:05]} {[%emt 00:00:36]}
Be8 {[%clk 01:00:23]} {[%emt 00:00:49]} 30. Qh2 {[%clk 00:53:36]} {[%emt
00:00:59]} 0-1

[Event "DEM U10 2022"]
[Site "Willingen GER"]
[Date "2022.06.07"]
[Round "5"]
[White "Khanbekyan, Aram"]
[Black "Hellriegel, Hannes"]
[Result "0-1"]
[Termination "normal"]
[Board "24"]
[WhiteElo "998"]
[BlackElo "1335"]
[WhiteClock "00:27:41"]
[BlackClock "00:32:18"]
[PlyCount "144"]
[WhiteFideId "34606149"]
[BlackFideId "34623701"]
[EventCountry "GER"]
[EventRounds "11"]
[EventType "swiss"]
[EventDate "2022.06.04"]

1. e4 {[%clk 01:15:58]} e5 {[%clk 01:15:55]} {[%emt 00:00:05]} 2. Nf3 {[%clk
01:16:22]} {[%emt 00:00:06]} Nc6 {[%clk 01:16:19]} {[%emt 00:00:06]} 3. d4
{[%clk 01:16:19]} {[%emt 00:00:32]} exd4 {[%clk 01:16:37]} {[%emt 00:00:12]} 4.
Bc4 {[%clk 01:16:29]} {[%emt 00:00:21]} Nf6 {[%clk 01:16:58]} {[%emt 00:00:09]}
5. e5 {[%clk 01:16:39]} {[%emt 00:00:19]} d5 {[%clk 01:17:17]} {[%emt
00:00:12]} 6. Bb5 {[%clk 01:16:29]} {[%emt 00:00:40]} Ne4 {[%clk 01:16:45]}
{[%emt 00:01:02]} 7. Nxd4 {[%clk 01:15:58]} {[%emt 00:00:58]} Bd7 {[%clk
01:16:43]} {[%emt 00:00:35]} 8. Bxc6 {[%clk 01:15:02]} {[%emt 00:01:28]} bxc6
{[%clk 01:16:45]} {[%emt 00:00:26]} 9. O-O {[%clk 01:14:13]} {[%emt 00:01:20]}
Be7 {[%clk 01:16:38]} {[%emt 00:00:36]} 10. Be3 {[%clk 01:11:37]} {[%emt
00:03:03]} O-O {[%clk 01:16:36]} {[%emt 00:00:34]} 11. Nd2 {[%clk 01:11:31]}
{[%emt 00:00:34]} Re8 {[%clk 01:15:54]} {[%emt 00:01:16]} 12. c4 {[%clk
01:09:05]} {[%emt 00:02:43]} Rb8 {[%clk 01:14:44]} {[%emt 00:01:46]} 13. h3
{[%clk 01:04:56]} {[%emt 00:04:44]} a6 {[%clk 01:05:58]} {[%emt 00:09:18]} 14.
b3 {[%clk 00:57:54]} {[%emt 00:07:27]} Bf8 {[%clk 01:05:30]} {[%emt 00:01:00]}
15. N2f3 {[%clk 00:54:10]} {[%emt 00:04:13]} h6 {[%clk 01:04:05]} {[%emt
00:01:56]} 16. cxd5 {[%clk 00:46:32]} {[%emt 00:08:10]} cxd5 {[%clk 01:04:00]}
{[%emt 00:00:34]} 17. Qc2 {[%clk 00:41:25]} {[%emt 00:05:23]} Rb7 {[%clk
00:59:07]} {[%emt 00:05:31]} 18. Nc6 {[%clk 00:33:42]} {[%emt 00:08:06]} Bxc6
{[%clk 00:57:57]} {[%emt 00:01:54]} 19. Qxc6 {[%clk 00:33:25]} {[%emt
00:00:47]} Qa8 {[%clk 00:47:47]} {[%emt 00:10:35]} 20. Qxd5 {[%clk 00:29:49]}
{[%emt 00:04:07]} Rb5 {[%clk 00:46:25]} {[%emt 00:01:55]} 21. Qxa8 {[%clk
00:29:36]} {[%emt 00:00:43]} Rxa8 {[%clk 00:46:42]} {[%emt 00:00:14]} 22. a4
{[%clk 00:28:50]} {[%emt 00:01:11]} Rxb3 {[%clk 00:46:34]} {[%emt 00:00:42]}
23. Rfc1 {[%clk 00:28:26]} {[%emt 00:00:29]} Rc8 {[%clk 00:45:42]} {[%emt
00:01:48]} 24. Rc4 {[%clk 00:28:02]} {[%emt 00:00:28]} Nc3 {[%clk 00:44:52]}
{[%emt 00:01:44]} 25. Bd2 {[%clk 00:27:18]} {[%emt 00:01:17]} Rb1+ {[%clk
00:43:53]} {[%emt 00:01:29]} 26. Rxb1 {[%clk 00:27:13]} {[%emt 00:00:36]} Nxb1
{[%clk 00:44:08]} {[%emt 00:00:14]} 27. Ba5 {[%clk 00:27:26]} {[%emt 00:00:17]}
c6 {[%clk 00:42:00]} {[%emt 00:02:37]} 28. Nd4 {[%clk 00:25:51]} {[%emt
00:02:05]} Kh8 {[%clk 00:38:34]} {[%emt 00:03:56]} 29. Rxc6 {[%clk 00:25:44]}
{[%emt 00:00:37]} Rxc6 {[%clk 00:38:44]} {[%emt 00:00:20]} 30. Nxc6 {[%clk
00:26:09]} {[%emt 00:00:06]} Na3 {[%clk 00:37:25]} {[%emt 00:01:46]} 31. Nb8
{[%emt 00:00:24]} Nc4 {[%emt 00:00:32]} 32. Bc3 {[%clk 00:24:39]} {[%emt
00:00:15]} a5 {[%clk 00:36:18]} {[%emt 00:02:29]} 33. Nc6 {[%clk 00:24:20]}
{[%emt 00:00:42]} Nb6 {[%clk 00:34:58]} {[%emt 00:01:54]} 34. Nxa5 {[%clk
00:23:47]} {[%emt 00:01:07]} Nxa4 {[%clk 00:35:13]} {[%emt 00:00:13]} 35. Ba1
{[%clk 00:23:31]} {[%emt 00:00:43]} Nc5 {[%clk 00:33:54]} {[%emt 00:01:51]} 36.
Nc4 {[%clk 00:23:15]} {[%emt 00:00:43]} Kg8 {[%clk 00:31:37]} {[%emt 00:02:51]}
37. Nd6 {[%clk 00:22:58]} {[%emt 00:00:44]} Bxd6 {[%clk 00:28:59]} {[%emt
00:03:10]} 38. exd6 {[%emt 00:00:12]} Nd7 {[%emt 00:00:38]} 39. Kf1 {[%clk
00:22:10]} {[%emt 00:00:29]} f6 {[%clk 00:29:13]} {[%emt 00:00:15]} 40. Bc3
{[%clk 00:22:25]} {[%emt 00:00:15]} Kf7 {[%clk 00:29:21]} {[%emt 00:00:22]} 41.
Bb4 {[%clk 00:22:44]} {[%emt 00:00:14]} Ke6 {[%clk 00:29:24]} {[%emt 00:00:26]}
42. Ke2 {[%emt 00:00:15]} Nb6 {[%emt 00:00:25]} 43. Ba5 {[%clk 00:22:06]}
{[%emt 00:00:29]} Nc4 {[%clk 00:29:24]} {[%emt 00:00:26]} 44. Bc7 {[%emt
00:00:27]} Nxd6 {[%emt 00:00:35]} 45. Bxd6 {[%clk 00:21:35]} {[%emt 00:00:03]}
Kxd6 {[%clk 00:29:37]} {[%emt 00:00:17]} 46. Kf3 {[%clk 00:22:02]} {[%emt
00:00:02]} Ke5 {[%clk 00:29:09]} {[%emt 00:00:58]} 47. Kg4 {[%clk 00:22:22]}
{[%emt 00:00:10]} g6 {[%clk 00:29:03]} {[%emt 00:00:35]} 48. f4+ {[%clk
00:22:42]} {[%emt 00:00:10]} Ke4 {[%clk 00:29:09]} {[%emt 00:00:26]} 49. g3
{[%clk 00:22:55]} {[%emt 00:00:16]} f5 {[%clk 00:29:11]} {[%emt 00:00:27]} 50.
Kh4 {[%clk 00:23:08]} {[%emt 00:00:15]} Kf3 {[%clk 00:29:04]} {[%emt 00:00:39]}
51. g4 {[%clk 00:23:05]} {[%emt 00:00:35]} Kxf4 {[%clk 00:29:16]} {[%emt
00:00:16]} 52. gxf5 {[%clk 00:23:24]} {[%emt 00:00:12]} gxf5 {[%clk 00:29:24]}
{[%emt 00:00:21]} 53. Kh5 {[%emt 00:00:13]} Kg3 {[%emt 00:00:17]} 54. h4 {[%clk
00:23:02]} {[%emt 00:00:23]} f4 {[%clk 00:29:44]} {[%emt 00:00:11]} 55. Kxh6
{[%clk 00:23:15]} {[%emt 00:00:17]} Kxh4 {[%clk 00:29:58]} {[%emt 00:00:16]}
56. Kg6 {[%clk 00:23:36]} {[%emt 00:00:08]} f3 {[%clk 00:30:22]} {[%emt
00:00:07]} 57. Kf5 {[%clk 00:24:00]} {[%emt 00:00:05]} f2 {[%clk 00:30:44]}
{[%emt 00:00:08]} 58. Ke5 {[%clk 00:24:25]} {[%emt 00:00:05]} f1=Q {[%clk
00:31:00]} {[%emt 00:00:12]} 59. Kd4 {[%clk 00:24:41]} {[%emt 00:00:15]} Qf5
{[%clk 00:31:17]} {[%emt 00:00:14]} 60. Ke3 {[%clk 00:24:23]} {[%emt 00:00:48]}
Qd5 {[%clk 00:30:18]} {[%emt 00:01:29]} 61. Kf4 {[%clk 00:24:40]} {[%emt
00:00:13]} Kh5 {[%clk 00:29:12]} {[%emt 00:01:36]} 62. Ke3 {[%clk 00:25:01]}
{[%emt 00:00:09]} Qc4 {[%clk 00:29:27]} {[%emt 00:00:15]} 63. Kd2 {[%clk
00:25:02]} {[%emt 00:00:29]} Qb3 {[%clk 00:29:50]} {[%emt 00:00:07]} 64. Ke2
{[%clk 00:25:23]} {[%emt 00:00:09]} Qc3 {[%clk 00:30:13]} {[%emt 00:00:07]} 65.
Kf2 {[%clk 00:25:45]} {[%emt 00:00:08]} Qd3 {[%clk 00:30:35]} {[%emt 00:00:08]}
66. Kg2 {[%clk 00:26:06]} {[%emt 00:00:09]} Qe3 {[%clk 00:30:52]} {[%emt
00:00:12]} 67. Kh2 {[%clk 00:26:20]} {[%emt 00:00:18]} Qg5 {[%clk 00:30:54]}
{[%emt 00:00:28]} 68. Kh3 {[%clk 00:26:35]} {[%emt 00:00:14]} Qg4+ {[%clk
00:31:14]} {[%emt 00:00:11]} 69. Kh2 {[%clk 00:26:57]} {[%emt 00:00:07]} Kg5
{[%clk 00:31:35]} {[%emt 00:00:07]} 70. Kh1 {[%clk 00:27:15]} {[%emt 00:00:13]}
Kf4 {[%clk 00:31:59]} {[%emt 00:00:07]} 71. Kh2 {[%clk 00:27:30]} {[%emt
00:00:15]} Kf3 {[%clk 00:32:18]} {[%emt 00:00:12]} 72. Kh1 {[%clk 00:27:41]}
{[%emt 00:00:18]} Qg2# {[%emt 00:02:02]} 0-1

[Event "DEM U10 2022"]
[Site "Willingen GER"]
[Date "2022.06.07"]
[Round "5"]
[White "Li, Joshua"]
[Black "Mulgunov, Jefim Nikolaj"]
[Result "0-1"]
[Termination "normal"]
[Board "28"]
[WhiteElo "1211"]
[BlackElo "1055"]
[PlyCount "74"]
[WhiteFideId "34623639"]
[BlackFideId "124277417"]
[EventCountry "GER"]
[EventRounds "11"]
[EventType "swiss"]
[EventDate "2022.06.04"]

1. e4 e5 2. Nf3 Nc6 3. Nc3 Nf6 4. d4 exd4 5. Nxd4 Bb4 6. Nxc6 bxc6 7. Bd3 d5 8.
O-O O-O 9. Bg5 Bxc3 10. bxc3 dxe4 11. Bxf6 Qxf6 12. Bxe4 Be6 13. Qh5 g6 14. Qc5
Bd5 15. Bxd5 cxd5 16. Qxc7 Rfc8 17. Qa5 Qxc3 18. Qxd5 Qxc2 19. h3 Rd8 20. Qa5
Qe4 21. Rfe1 Qf4 22. Re7 Rd2 23. Rf1 Rad8 24. Qc3 Rxa2 25. g3 Qd6 26. Rb7 a5
27. Qb3 Qe6 28. Qf3 a4 29. Kh2 a3 30. Re1 Qd5 31. Re8+ Kg7 32. Qc3+ Qd4 33.
Qxd4+ Rxd4 34. g4 Rxf2+ 35. Kg3 a2 36. Rbb8 a1=Q 37. g5 Qg1# 0-1

[Event "DEM U10 2022"]
[Site "Willingen GER"]
[Date "2022.06.07"]
[Round "5"]
[White "Schmidt, Jossip"]
[Black "Meurer, Knut"]
[Result "1-0"]
[Termination "normal"]
[Board "29"]
[WhiteElo "1085"]
[BlackElo "998"]
[PlyCount "113"]
[WhiteFideId "34621148"]
[BlackFideId "34623604"]
[EventCountry "GER"]
[EventRounds "11"]
[EventType "swiss"]
[EventDate "2022.06.04"]

1. d4 d5 2. Nf3 Nf6 3. Bf4 Nc6 4. e3 Bf5 5. Bd3 Bxd3 6. Qxd3 e6 7. c3 Bd6 8.
Bg3 O-O 9. Nbd2 Qd7 10. O-O Bxg3 11. hxg3 Qd6 12. e4 a6 13. e5 Qe7 14. exf6
Qxf6 15. Qe3 Qf5 16. Qf4 Qxf4 17. gxf4 b5 18. Ne5 Na5 19. b4 Nb7 20. a4 Nd6 21.
Nd7 Rfd8 22. Nc5 c6 23. axb5 cxb5 24. Rxa6 Rxa6 25. Nxa6 Ra8 26. Nc5 Ra2 27.
Ndb3 Rc2 28. Ra1 h6 29. Rc1 Rxc1+ 30. Nxc1 Ne4 31. Nxe4 dxe4 32. f3 exf3 33.
gxf3 g5 34. fxg5 hxg5 35. Nd3 Kg7 36. f4 gxf4 37. Nxf4 Kf6 38. Kf2 e5 39. dxe5+
Kxe5 40. Ke3 Kd6 41. Kd4 Kc6 42. c4 bxc4 43. Kxc4 Kb6 44. Nd5+ Kc6 45. b5+ Kb7
46. Kc5 f5 47. b6 f4 48. Nxf4 Kc8 49. Kc6 Kb8 50. b7 Ka7 51. Kc7 Ka6 52. b8=Q
Ka5 53. Kc6 Ka4 54. Kc5 Ka3 55. Kc4 Ka2 56. Kc3 Ka1 57. Qb2# 1-0